000 00608nam a2200217 a 4500
001 1618
003 CO-ViMGA
008 141112s2004 ck r 000 u spa d
020 _a8477740321
040 _aCO-ViMGA
_bspa
_cCO-ViMGA
082 0 4 _a370.7122 K154t
100 1 _aKamii, Constance
_950070
245 1 0 _aLa teoria de Piaget y la educación preescolar /
_cKamii Constance , Vries de Rheta
250 _a3a
260 _aMadrid :
_bVisor,
_c1991
300 _a128 P
490 _aAprendizaje v - 7
650 1 4 _aeducación PREESCOLAR
_94994
650 1 4 _aVrites, Rheta de
_950071
942 _2ddc
_cBK
999 _c13795
_d13795